| 000 | 01151nam a22003377a 4500 | ||
|---|---|---|---|
| 003 | CHAP | ||
| 005 | 20220329140432.0 | ||
| 008 | 971013s1980 r 00010 d | ||
| 010 | _a51910 | ||
| 011 | _a52882 | ||
| 035 | _a57032 | ||
| 040 | _cCHAP | ||
| 090 | _aTesis | ||
| 100 | 0 | 0 |
_aTrigo Tavera, Emilio. _9115139 |
| 245 | _aPatología y bacteriología de pulmones neumónicos de becerros sacrificados en el rastro de Ferrería | ||
| 260 |
_aMéxico, D.F. : _bEl autor, _c1980 |
||
| 300 |
_a48 h. _b: ilus. |
||
| 502 | _aTesis (Médico Veterinario Zootecnista) -- UNAM. Fac. de Medicina Veterinaria y Zootecnia | ||
| 590 |
_aALEPH _b10 _c20130110 _lUCH01 _h1328 |
||
| 590 |
_aBATCH-UPD _b10 _c20130110 _lUCH01 _h0629 |
||
| 590 |
_aBATCH-UPD _b10 _c20130410 _lUCH01 _h0312 |
||
| 590 |
_aBATCH-UPD _b10 _c20130914 _lUCH01 _h0521 |
||
| 590 |
_aCONVERSION _b10 _c20130109 _lUCH01 _h1328 |
||
| 650 | 1 | 4 |
_aBacteriología. _99330 |
| 650 | 1 | 4 |
_aBecerros _xEnfermedades. _911179 |
| 650 | 1 | 4 |
_aGanado vacuno _xMatanza. _945478 |
| 650 | 1 | 4 |
_aPatología veterinaria. _986194 |
| 901 | _aBK | ||
| 942 | _cTESIS | ||
| 949 |
_bBC _cTES _d-124234 _eTS1 _h17218 _i57032 _si |
||
| 999 |
_c51910 _d51910 |
||